00327nam a2200121Ia 4500008004000000082001300040100001900053245004500072260003500117300001200152440000600164650003500170210210b1986 xxu||||| |||| 00| 0 eng d a547 BHUS aBHUTANI (S P). aSelected topics in organic chemistry.V1. aN DbVishal Publicationsc1986 aiii,298 a1 aOrganic chemistry Biochemistry